Panoramas Contemporáneos de la Teoría Económica /

Guardado en:
Detalles Bibliográficos
Autor principal: Simon, Herbert A. (autor)
Formato: Libro
Idioma:Español
Publicado: Madrid, España : Alianza, 1970
Temas:
Etiquetas: Agrega una etiqueta
Sin etiquetas, Sé el primero en etiquetar este registro!

MARC

LEADER 00000nam^a2200000^a^4500
001 000018388
005 20250521000000.0
009 20260310084215.108
037 |a Acervo ITESO - Biblioteca 
041 |a ESP 
082 |a 330. 1  |b SIM V. 3 
100 |a Simon, Herbert A.  |e (autor) 
245 1 0 |a Panoramas Contemporáneos de la Teoría Económica /  |c A. Simón Hebert. 
264 1 |a Madrid, España :  |b Alianza,  |c 1970 
300 |a 305 p. 
336 |a texto  |b txt  |2 rdacontenido 
337 |a sin mediación  |b n  |2 rdamedio 
338 |a volumen  |b nc  |2 rdasoporte 
500 |a Traducción de: Surveys of Economic Theory 
649 |a XX 
650 |a Economía 
910 |a Fondo General 
920 |a Impresos - Libros 
930 |a Colección General 
905 |a 101 
901 |a 0183880100  |b IT1  |c ACC  |i 018388  |u 20250521 
902 |a https://opac.biblio.iteso.mx/vufind/Record/000018388